000 00576nam a2200205Ii 4500
003 JO-AjNU
008 230606s9999||||xx |||||||||||||| ||und||
020 _a978-81-265-4933-7
040 _aJO-AjNU
_beng
_erda
_cJO-AjNU
041 _aeng
050 1 4 _aTG300.T76 2014
100 3 _aTroitsky ,m.s,
_eauthor
_94575
245 0 0 _aPlanning and Design of bridges
264 3 1 _aWilly, 2014
300 _a318P
336 _atext
_btxt
_2rdacontent
337 _aunmediated
_bn
_2rdamedia
338 _avolume
_bnc
_2rdacarrier
650 4 _aPlanning and Design of bridges
_94576
999 _aE2373
_c2371
_d2371